000 00351nam a22001457a 4500
082 _a346.086ELL.
100 _aD.W. Elliott.
245 _aRoad Accidents.
260 _aLondon.
_bAllen Lane The Penguin Press.
_c1968.
300 _a295pg.
_b20cm.
500 _aIncludes index.
650 _aLaw and Society.
700 _aHarry Street.
942 _cBK
999 _c17036
_d17036